Klicke die deutschen Städte auf einer Karte - Extrem - Statistiken

Allgemein
  • Dieses Quiz wurde 293 mal gespielt
  • Das Durchschnittsergebnis liegt bei 54 aus 80
Antworten auf der Karte
Die Antworten werden auf der Karte rot bzw. grün angezeigt, abhängig davon wie oft sie richtig erraten wurden.
 
Antwortstatistiken
Antwort % Korrekt
Berlin
86%
Saarbrücken
86%
Hamburg
85%
Bremen
83%
Bremerhaven
83%
Potsdam
83%
Freiburg im Breisgau
82%
Stuttgart
82%
Flensburg
81%
Aachen
80%
Hannover
80%
Magdeburg
78%
Frankfurt (Oder)
77%
Konstanz
77%
Dresden
76%
Lübeck
76%
Rostock
76%
Erfurt
73%
Kiel
73%
München
73%
Schwerin
73%
Emden
72%
Frankfurt am Main
72%
Görlitz
72%
Passau
72%
Stralsund
72%
Bonn
71%
Kassel
71%
Dortmund
70%
Mainz
70%
Oldenburg
70%
Ulm
70%
Bielefeld
69%
Brandenburg an der Havel
69%
Braunschweig
69%
Essen
68%
Leipzig
68%
Münster
68%
Nürnberg
68%
Wiesbaden
68%
Chemnitz
67%
Paderborn
67%
Augsburg
66%
Baden-Baden
66%
Osnabrück
66%
Trier
66%
Halle (Saale)
65%
Karlsruhe
65%
Neubrandenburg
65%
Düsseldorf
64%
Göttingen
64%
Köln
64%
Bayreuth
63%
Cottbus
63%
Fulda
63%
Jena
63%
Kaiserslautern
63%
Kempten (Allgäu)
63%
Koblenz
63%
Lüneburg
63%
Rosenheim
63%
Siegen
63%
Wolfsburg
63%
Würzburg
63%
Gießen
62%
Greifswald
61%
Heilbronn
61%
Ingolstadt
61%
Regensburg
61%
Heidelberg
60%
Neumünster
58%
Bamberg
56%
Landshut
54%
Plauen
54%
Dessau-Roßlau
53%
Gera
53%
Eisenach
51%
Worms
50%
Mannheim
48%
Aalen
47%
Keine übereinstimmenden Quizze gefunden
Verteilung der Resultate
Anzahl Personen mit jedem Resultat
Perzentil nach korrekt beantworteten Fragen
Ihre Resultats-Entwicklung
Sie haben dieses Quiz noch nicht gespielt